| 000 | 03288cam a22005175i 4500 | ||
|---|---|---|---|
| 001 | 9060676 | ||
| 003 | OSt | ||
| 005 | 20210914153149.0 | ||
| 006 | m d | ||
| 007 | cr n | ||
| 008 | 110210s2011 gw | s |||| 0|eng d | ||
| 020 | _a9783642197260 | ||
| 024 | 7 |
_a10.1007/978-3-642-19727-7 _2doi |
|
| 035 | _a(WaSeSS)ssj0000506037 | ||
| 038 | _akhadija | ||
| 040 |
_dWaSeSS _cC |
||
| 050 | 4 | _aTJ210.2-211.495 | |
| 050 | 4 | _aTJ163.12 | |
| 072 | 7 |
_aTJFM _2bicssc |
|
| 072 | 7 |
_aTJFD _2bicssc |
|
| 072 | 7 |
_aTEC004000 _2bisacsh |
|
| 072 | 7 |
_aTEC037000 _2bisacsh |
|
| 082 | 0 | 4 |
_a512.5 _223 _bBOU |
| 100 | 1 |
_aBourlès, Henri. _eauthor. _982458 |
|
| 210 | 1 | 0 | _aLinear Time-Varying Systems |
| 245 | 1 | 0 |
_aLinear Time-Varying Systems _bAlgebraic-Analytic Approach / _cby Henri Bourlès, Bogdan Marinescu. |
| 490 | 1 |
_aLecture Notes in Control and Information Sciences, _x0170-8643 ; _v410 |
|
| 505 | 0 | _aPart I Mathematical tools -- Part II Algebraic Theory of Linear Systems -- Part III Applications -- Part IV Complements. | |
| 506 | _aLicense restrictions may limit access. | ||
| 520 | _aThe aim of this book is to propose a new approach to analysis and control of linear time-varying systems. These systems are defined in an intrinsic way, i.e., not by a particular representation (e.g., a transfer matrix or a state-space form) but as they are actually. The system equations, derived, e.g., from the laws of physics, are gathered to form an intrinsic mathematical object, namely a finitely presented module over a ring of operators. This is strongly connected with the engineering point of view, according to which a system is not a specific set of equations but an object of the material world which can be described by equivalent sets of equations. This viewpoint makes it possible to formulate and solve efficiently several key problems of the theory of control in the case of linear time-varying systems. The solutions are based on algebraic analysis. This book, written for engineers, is also useful for mathematicians since it shows how algebraic analysis can be applied to solve engineering problems. Henri Bourlès is a Professor and holds the industrial automation chair at the Conservatoire national des arts et métiers in France. He has been teaching automation for over 20 years in engineering and graduate schools. Bogdan Marinescu is currently research engineer at the French Transmission System Operator (RTE) and Associate Professor at SATIE-Ecole Normale Supérieure de Cachan. | ||
| 563 | _apaperback | ||
| 650 | 0 | _aEngineering. | |
| 650 | 0 |
_aSystems theory. _982214 |
|
| 650 | 1 | 4 |
_aEngineering. _982459 |
| 650 | 2 | 4 |
_aControl, Robotics, Mechatronics. _982013 |
| 650 | 2 | 4 |
_aSystems Theory, Control. _982218 |
| 700 | 1 |
_aMarinescu, Bogdan. _eauthor. _982460 |
|
| 710 | 2 |
_aSpringerLink (Online service) _981564 |
|
| 773 | 0 | _tSpringer eBooks | |
| 773 | 0 | _tSpringerLink ebooks - Engineering (2011) | |
| 776 | 0 | 8 |
_iPrinted edition: _z9783642197260 |
| 830 | 0 |
_aLecture Notes in Control and Information Sciences, _v410 _982221 |
|
| 856 | 4 | 0 |
_uhttp://www.columbia.edu/cgi-bin/cul/resolve?clio9060676 _zFull text available from SpringerLink ebooks - Engineering (2011) |
| 910 | _aVendor-generated brief record | ||
| 942 |
_2ddc _cBK |
||
| 999 |
_c33235 _d33235 |
||